10 Largest Games On Roblox - Statistics

General Stats
  • This quiz has been taken 78 times
  • The average score is 4 of 10
Answer Stats
# Game Plays % Correct
1 Adopt Me! 10.3 billion
95%
2 MeepCity 6.7 billion
71%
3 Jailbreak 4.0 billion
61%
5 Murder Mystery 2 3.1 billion
40%
7 Work at a Pizza Place 2.6 billion
40%
4 Royale High 3.9 billion
37%
6 Welcome to Bloxburg 2.7 billion
29%
9 Prison Life 1.5 billion
16%
8 Flee the Facility 1.8 billion
15%
10 Super Hero Tycoon 1.2 billion
6%
No matching quizzes found
Score Distribution
Percent of People with Each Score
Percentile by Number Answered
Your Score History
You have not taken this quiz